USEFUL EXPERIENCE IN HOSPITAL

Bibliographic Details
Main Author: Yeoh, Felix (Author)
Format: Book
Language:English
Published: Kulai, Johor : SHINING STAR PUBLICATION 2018
Series:Everyday learning opportunities series
Subjects:

MARC

LEADER 00000cam a2200000 7i4500
001 0000131096
005 20190218.0
008 190218s2018 my a j 000 0 eng
020 |a 9789670693422 
040 |a PERPUSTAM   |b eng   |c PERPUSTAM   |e rda 
090 0 0 |a J 395   |b YEO 
100 1 |a Yeoh, Felix ,   |e author 
245 1 0 |a USEFUL EXPERIENCE IN HOSPITAL   |c Felix Yeoh 
264 1 |a Kulai, Johor :   |b SHINING STAR PUBLICATION   |c 2018 
300 |a 48 pages :   |b color illustrations ;   |c 21 cm. 
336 |a text, rdacontent 
337 |a unmediated  |2 rdamedia 
338 |a volume  |2 rdacarrier 
490 1 |a Everyday Learning Opportunities Series 
650 1 0 |a Etiquette ( Manners) 
650 2 0 |a Children's stories, English 
650 2 0 |a Didactic fiction, English 
830 0 |a Everyday learning opportunities series 
999 |a 0000550567   |b Buku   |c Koleksi Pinjaman Kanak-Kanak   |e Perbadanan Perpustakaan Awam Melaka 
999 |a 0000550568   |b Buku   |c Koleksi Pinjaman Kanak-Kanak   |e Perpustakaan Cawangan Jasin 
999 |a 0000550569   |b Buku   |c Koleksi Pinjaman Kanak-Kanak   |e Perpustakaan Cawangan Masjid Tanah 
999 |a 0000550570   |b Buku   |c Koleksi Pinjaman Kanak-Kanak   |e Perpustakaan Cawangan Merlimau 
999 |a 0000550571   |b Buku   |c Koleksi Pinjaman Kanak-Kanak   |e Perbadanan Perpustakaan Awam Melaka 
999 |a 0000550572   |b Buku   |c Koleksi Pinjaman Kanak-Kanak   |e Perbadanan Perpustakaan Awam Melaka 
999 |a 0000550573   |b Buku   |c Koleksi Pinjaman Kanak-Kanak   |e PK Aeon Jaya Jusco 
999 |a 0000550574   |b Buku   |c Koleksi Pinjaman Kanak-Kanak   |e PK Melaka Mall 
999 |a 0000550575   |b Buku   |c Koleksi Pinjaman Kanak-Kanak   |e Perbadanan Perpustakaan Awam Melaka 
999 |a 0000550576   |b Buku   |c Koleksi Pinjaman Kanak-Kanak   |e Perbadanan Perpustakaan Awam Melaka 
999 |a 0000550577   |b Buku   |c Koleksi Pinjaman Kanak-Kanak   |e Perpustakaan Komuniti UTC Melaka 
999 |a 0000550578   |b Buku   |c Koleksi Pinjaman Kanak-Kanak   |e Perbadanan Perpustakaan Awam Melaka 
999 |a 0000550579   |b Buku   |c Koleksi Pinjaman Kanak-Kanak   |e Perbadanan Perpustakaan Awam Melaka 
999 |a 0000550580   |b Buku   |c Koleksi Pinjaman Kanak-Kanak   |e Perbadanan Perpustakaan Awam Melaka 
999 |a 0000550581   |b Buku   |c Koleksi Pinjaman Kanak-Kanak   |e Perbadanan Perpustakaan Awam Melaka 
999 |a 0000550582   |b Buku   |c Koleksi Pinjaman Kanak-Kanak   |e Perbadanan Perpustakaan Awam Melaka 
999 |a 0000550583   |b Buku   |c Koleksi Pinjaman Kanak-Kanak   |e Perpustkaan Desa Lubuk China 
999 |a 0000550584   |b Buku   |c Koleksi Pinjaman Kanak-Kanak   |e Perbadanan Perpustakaan Awam Melaka 
999 |a 0000550585   |b Buku   |c Koleksi Pinjaman Kanak-Kanak   |e Perbadanan Perpustakaan Awam Melaka 
999 |a 0000550586   |b Buku   |c Koleksi Pinjaman Kanak-Kanak   |e Perpustakaan Desa Asahan 
999 |a 0000550587   |b Buku   |c Koleksi Pinjaman Kanak-Kanak   |e Perpustkaan Desa Lubuk China